000 00911nam a2200253Ia 4500
003 OSt
005 20220923210936.0
006 a|||||r|||| 00| 0
007 ta
008 220922b |||||||| |||| 00| 0 hin d
020 _a812140665X (hbk)
_c700
024 _a243,293
037 _b260, 21/10/2010, Eastern Book Linkers
_cTextual
040 _aARTS
_cARTS
_bhin
041 _2hin
_ahin
082 _aO152vN5, P9
100 _aनगेन्द्र, संपा.
_9156438
245 0 _aहिन्दी साहित्य का इतिहास
246 _aHindī sāhitya kā itihāsa
260 _aनयी दिल्ली
_b नेशनल पब्लिशिंग हाउस
_c2009
300 _a869पृ.
_ccm.
942 _hO152vN5, P9
_cTEXL
_2CC
999 _c293094
_d293094